| 000 | 00611nam a2200217 i 4500 | ||
|---|---|---|---|
| 001 | 129499 | ||
| 003 | ES-MaACL | ||
| 005 | 20250809081723.0 | ||
| 007 | t| | ||
| 008 | 190925s1929 sp ||||1| spa d | ||
| 100 | 0 |
_aVallvé, Manuel. _9112961 |
|
| 245 | 1 | 0 |
_aBarcelona / _cManuel Vallvé. |
| 250 | _a1ª ed. | ||
| 260 |
_aBarcelona : _bEdita, _c1929. |
||
| 300 |
_a156 p. : _bil. ; _c21 cm. |
||
| 490 | 1 | _aColección "Los bellos países" | |
| 651 | 4 |
_aBarcelona- _xDescripción. _9160866 |
|
| 830 | 0 | 0 |
_aColección "Los bellos países" _9186773 |
| 852 |
_aES-MaACL _jP-862-8 |
||
| 999 |
_c129499 _d129499 |
||